Pracovník kontra podnikanie

Súbeh zárobkovej činnosti so živnostenským podnikaním jednotlivca. Problém nekalého súťaženia v konaní pracovníka. Sankcie za porušenie pracovnej zmluvy.

Uložené v:
Podrobná bibliografia
Hlavný autor: Vyparina, S.
Médium: Kapitola
Jazyk:Slovak
Predmet:
Tagy: Pridať tag
Žiadne tagy, Buďte prvý, kto otaguje tento záznam!

MARC

LEADER 00000naa a2200000 4500
001 r025174
005 20251104123625.7
041 0 |a slo 
044 |a SK 
245 1 0 |a Pracovník kontra podnikanie  |c S. Vyparina 
520 |a Súbeh zárobkovej činnosti so živnostenským podnikaním jednotlivca. Problém nekalého súťaženia v konaní pracovníka. Sankcie za porušenie pracovnej zmluvy. 
610 2 0 |a právo pracovné 
610 2 0 |a podnikanie súkromné 
610 2 0 |a pomer pracovný súbežný 
610 2 0 |a zmluvy pracovné 
610 2 0 |a sankcie 
610 2 0 |a súťaž nekalá 
100 1 |a Vyparina, S.